| 000 | 004490000a22001810004500 | ||
|---|---|---|---|
| 003 | MACL | ||
| 005 | 20150730180939.0 | ||
| 008 | 150730b xxu||||| |||| 00| 0 eng d | ||
| 040 |
_aMACL _cMACL |
||
| 041 | _aEnglish | ||
| 082 | _a333/PAL | ||
| 100 |
_aPal, B.P. _93638 |
||
| 245 | _aEnvironmental Conservation and Development | ||
| 260 |
_bNatraj Publishers _c1982 _aDehra Dun |
||
| 350 | _a45 | ||
| 650 |
_aEconomics _93640 |
||
| 942 |
_cBK _k333 _2ddc |
||
| 999 |
_c6116 _d6116 |
||